Dynamic systems development: (Record no. 846)

MARC details
000 -LEADER
fixed length control field 00639nam a22001937a 4500
005 - DATE AND TIME OF LATEST TRANSACTION
control field 20230201082810.0
008 - FIXED-LENGTH DATA ELEMENTS--GENERAL INFORMATION
fixed length control field 230201b |||||||| |||| 00| 0 eng d
020 ## - INTERNATIONAL STANDARD BOOK NUMBER
International Standard Book Number 0-7450-1136-5
082 ## - DEWEY DECIMAL CLASSIFICATION NUMBER
Classification number G.S. 155 G298 1994
100 ## - MAIN ENTRY--PERSONAL NAME
Personal name Geert, Paul van
Relator term author
245 ## - TITLE STATEMENT
Title Dynamic systems development:
Remainder of title change between complexity and chaos /
Statement of responsibility, etc. Paul van Geert
260 ## - PUBLICATION, DISTRIBUTION, ETC.
Place of publication, distribution, etc. Hertfordshire:
Name of publisher, distributor, etc. Harvester Wheatsheaf,
Date of publication, distribution, etc. c1994.
300 ## - PHYSICAL DESCRIPTION
Extent xii, 300p.;
Other physical details ill.
490 ## - SERIES STATEMENT
Series statement The developing body and mind series
504 ## - BIBLIOGRAPHY, ETC. NOTE
Bibliography, etc. note Includes bibliographical references
541 ## - IMMEDIATE SOURCE OF ACQUISITION NOTE
Accession number 850
650 ## - SUBJECT ADDED ENTRY--TOPICAL TERM
Topical term or geographic name entry element Developmental psychology
650 ## - SUBJECT ADDED ENTRY--TOPICAL TERM
Topical term or geographic name entry element Child psychology
Holdings
Withdrawn status Lost status Source of classification or shelving scheme Damaged status Not for loan Home library Current library Date acquired Total Checkouts Full call number Barcode Date last seen Copy number Price effective from Koha item type
    Dewey Decimal Classification     ctu-moalboal ctu-moalboal 06/13/2011   G.S. 155 G298 1994 850 02/01/2023 1 02/01/2023 Books - Graduate School